McGraw-Hill encyclopedia of science & technology : (Record no. 9757)
[ view plain ]
| 000 -LEADER | |
|---|---|
| fixed length control field | 01398cam a2200313 a 4500 |
| 001 - CONTROL NUMBER | |
| JCCL Control Number | 9757 |
| 003 - CONTROL NUMBER IDENTIFIER | |
| JCCL marc code | BD-JhCC |
| 005 - DATE AND TIME OF LATEST TRANSACTION | |
| control field | 20180325111927.0 |
| 008 - FIXED-LENGTH DATA ELEMENTS--GENERAL INFORMATION | |
| fixed length control field | 180325s2002 nyua be 001 0 eng |
| 020 ## - INTERNATIONAL STANDARD BOOK NUMBER | |
| International Standard Book Number | 0079136656 (set : acidfree paper) |
| 035 ## - SYSTEM CONTROL NUMBER | |
| system control number | (BD-JhCC)9757 |
| 040 ## - CATALOGING SOURCE | |
| Original cataloging agency | DLC |
| Transcribing agency | DLC |
| Modifying agency | DLC |
| -- | BD-JhCC |
| 041 ## - LANGUAGE CODE | |
| Language code of Book | eng |
| 050 00 - LIBRARY OF CONGRESS CALL NUMBER | |
| Classification number | Q121 |
| Item number | .M3 2002 |
| 082 00 - DEWEY DECIMAL CLASSIFICATION NUMBER | |
| Classification number | 503 |
| DDC Edition number | 21 |
| Author mark and Year | MCG 2002 |
| 245 00 - TITLE STATEMENT | |
| Title | McGraw-Hill encyclopedia of science & technology : |
| Remainder of title | an international reference work in twenty volumes including an index / |
| 246 30 - VARYING FORM OF TITLE | |
| Title proper/short title | Encyclopedia of science & technology |
| 246 3# - VARYING FORM OF TITLE | |
| Title proper/short title | McGraw-Hill encyclopedia of science and technology |
| 246 3# - VARYING FORM OF TITLE | |
| Title proper/short title | Encyclopedia of science and technology |
| 250 ## - EDITION STATEMENT | |
| Edition statement | 9th ed. |
| 260 ## - PUBLICATION, DISTRIBUTION, ETC. (IMPRINT) | |
| Place of publication, distribution, etc | New York : |
| Name of publisher, distributor, etc | McGraw-Hill, |
| Date of publication, distribution, etc | c2002. |
| 300 ## - PHYSICAL DESCRIPTION | |
| Pagination | Various p. : |
| Other physical details | ill. (some col.) ; |
| Dimensions | 29 cm. |
| 500 ## - GENERAL NOTE | |
| General note | Vol-1 : AAR-ANO; <br/>Vol-2: ANS-BIN;<br/>Vol-3 :BIO-CHA;<br/>Vol-4 : CHE-COS;<br/>Vol-5 : COT-EAT;<br/>Vol-6 : EBE-EYE;<br/>Vol-7 : FAB-GEN;<br/>Vol-8 : GEO-HYS;<br/>Vol-9 : ICE-LEV;<br/>Vol-10 : LIB-META;<br/>Vol-11 : METE-NIT;<br/>Vol-12: NOB-PAP;<br/>Vol-13 : PAR-PLAN;<br/>Vol-14: PLAS-QUI;<br/>Vol-15 : BAB-RYE;<br/>Vol-16 : SAB-SON;<br/>Vol-17 : SOR-SUP;<br/>Vol-18 : SUR-TYP;<br/>Vol-19 : ULC-ZYG;<br/>Vol-20 : INDEX; |
| 504 ## - BIBLIOGRAPHY, ETC. NOTE | |
| Bibliography, etc | Includes bibliographical references and index. |
| 650 #0 - SUBJECT ADDED ENTRY--TOPICAL TERM | |
| Topical term or geographic name as entry element | Science |
| Form subdivision | Encyclopedias. |
| 650 #0 - SUBJECT ADDED ENTRY--TOPICAL TERM | |
| Topical term or geographic name as entry element | Technology |
| Form subdivision | Encyclopedias. |
| 942 ## - ADDED ENTRY ELEMENTS (KOHA) | |
| Source of classification or shelving scheme | Dewey Decimal Classification |
| Koha item type | Reference |
| Source of classification or shelving scheme | volume number | Damaged status | Not for loan | Home library | Current library | Shelving location | Total Checkouts | Full call number | Barcode | Date last seen | Copy number | Koha item type |
|---|---|---|---|---|---|---|---|---|---|---|---|---|
| Dewey Decimal Classification | V -1 | JCC Rouf Library | JCC Rouf Library | General Stacks | 503 MCG 2002 | 13065 | 03/25/2018 | C-1 | Reference | |||
| Dewey Decimal Classification | V -2 | JCC Rouf Library | JCC Rouf Library | General Stacks | 503 MCG 2002 | 13066 | 03/25/2018 | C-2 | Reference | |||
| Dewey Decimal Classification | V -3 | JCC Rouf Library | JCC Rouf Library | General Stacks | 503 MCG 2002 | 13067 | 03/25/2018 | C-3 | Reference | |||
| Dewey Decimal Classification | V -4 | JCC Rouf Library | JCC Rouf Library | General Stacks | 503 MCG 2002 | 13068 | 03/25/2018 | C-4 | Reference | |||
| Dewey Decimal Classification | V -5 | JCC Rouf Library | JCC Rouf Library | General Stacks | 503 MCG 2002 | 13069 | 03/25/2018 | C-5 | Reference | |||
| Dewey Decimal Classification | V -6 | JCC Rouf Library | JCC Rouf Library | General Stacks | 503 MCG 2002 | 13070 | 03/25/2018 | C-6 | Reference | |||
| Dewey Decimal Classification | V -7 | JCC Rouf Library | JCC Rouf Library | General Stacks | 503 MCG 2002 | 13071 | 03/25/2018 | C-7 | Reference | |||
| Dewey Decimal Classification | V -8 | JCC Rouf Library | JCC Rouf Library | General Stacks | 503 MCG 2002 | 13072 | 03/25/2018 | C-8 | Reference | |||
| Dewey Decimal Classification | V -9 | JCC Rouf Library | JCC Rouf Library | General Stacks | 503 MCG 2002 | 13073 | 03/25/2018 | C-9 | Reference | |||
| Dewey Decimal Classification | V-10 | JCC Rouf Library | JCC Rouf Library | General Stacks | 503 MCG 2002 | 13074 | 03/25/2018 | C-10 | Reference | |||
| Dewey Decimal Classification | V -11 | JCC Rouf Library | JCC Rouf Library | General Stacks | 503 MCG 2002 | 13075 | 03/25/2018 | C-11 | Reference | |||
| Dewey Decimal Classification | V -12 | JCC Rouf Library | JCC Rouf Library | General Stacks | 503 MCG 2002 | 13076 | 03/25/2018 | C-12 | Reference | |||
| Dewey Decimal Classification | V -13 | JCC Rouf Library | JCC Rouf Library | General Stacks | 503 MCG 2002 | 13077 | 03/25/2018 | C-13 | Reference | |||
| Dewey Decimal Classification | V -14 | JCC Rouf Library | JCC Rouf Library | General Stacks | 503 MCG 2002 | 13078 | 03/25/2018 | C-14 | Reference | |||
| Dewey Decimal Classification | V -15 | JCC Rouf Library | JCC Rouf Library | General Stacks | 503 MCG 2002 | 13079 | 03/25/2018 | C-15 | Reference | |||
| Dewey Decimal Classification | V -16 | JCC Rouf Library | JCC Rouf Library | General Stacks | 503 MCG 2002 | 13080 | 03/25/2018 | C-16 | Reference | |||
| Dewey Decimal Classification | V -17 | JCC Rouf Library | JCC Rouf Library | General Stacks | 503 MCG 2002 | 13081 | 03/25/2018 | C-17 | Reference | |||
| Dewey Decimal Classification | V -18 | JCC Rouf Library | JCC Rouf Library | General Stacks | 503 MCG 2002 | 13082 | 03/25/2018 | C-18 | Reference | |||
| Dewey Decimal Classification | V -19 | JCC Rouf Library | JCC Rouf Library | General Stacks | 503 MCG 2002 | 13083 | 03/25/2018 | C-19 | Reference | |||
| Dewey Decimal Classification | V -20 | JCC Rouf Library | JCC Rouf Library | General Stacks | 503 MCG 2002 | 13084 | 03/25/2018 | C-20 | Reference |